书目信息 |
| 书名: | Oh,Baby,I Love It | |
| 作者: | Tim McCarver. | |
| 分册号: | ||
| 分册名: | 出版地: | New York : |
|
| 出版社: | Villard Books | |
| 出版时间: | 1987. | |
| 页数: | 245 p. ; | |
| 开本: | 26cm. | |
| 丛书名: | ||
| 中图分类号: | ||
| 科图分类号: | ||
| 其他分类号: | K837.124.7 | |
| 主题词: | ||
| 电子资源: | ||
| 000 | 00382nam 2200145 a 4500 | |
| 001 | E0232147080 | |
| 005 | 2002032308554673 | |
| 008 | 020323s1987 00010 eng | |
| 020 | @a0-394-55691-7. | |
| 040 | @aPFT@beng | |
| 090 | @aK837.124.7 | |
| 099 | @dK837.124.7@eC331 | |
| 245 | @aOh,Baby,I Love It / @cTim McCarver. | |
| 260 | @aNew York :@bVillard Books,@c1987. | |
| 300 | @a245 p. ;@c26cm. | |
| Oh,Baby,I Love It / / Tim McCarver.-New York : : Villard Books, , 1987. |
| 245 p. ; ; 26cm. |
| ISBN 0-394-55691-7. |
| ● |
| 相关链接 |
|
|
|
正题名:Oh,Baby,I Love It
索取号:K837.124.7/C331
 
预约/预借
| 序号 | 登录号 | 条形码 | 馆藏地/架位号 | 状态 | 备注 |
| 1 | 02300 | 300023007 | 社科库309/309社科库 993排2列2层/ [索取号:K837.124.7/C331] | 在馆 |